02321cam a22004457i 450000100090000000300050000900500170001400800410003101000170007202000180008902000150010703500240012204000090014604200140015505000240016908200180019310000300021124502070024125000200044826400940046826400110056230000520057333600260062533700280065133800270067950000450070650400510075150506800080265000300148265000360151265000340154865000450158265000510162765000490167865000200172765000200174765000290176765500410179670000380183718478493Nust20170306122151.0150203t20162016ne a b 001 0 eng d a 2015932542 a9780123850157 a0123850150 a(OCoLC)ocn900028202 cASAB alccopycat00aTP248.2b.C528 201604a660.6223/swe1 aClark, David P.,eauthor.10aBiotechnology /cDavid P. Clark, Department of Microbiology, Southern Illinois University, Carbondale, Illinois, USA, Nanette J. Pazdernik, Washington University School of Medicine, St. Louis, Missouri. aSecond edition. 1aAmsterdam ;aBoston :bElsevier/AP Cell, Academic Cell is an imprint of Elsevier,c[2016] 4c©2016 axv, 833 pages :billustrations (color) ;c29 cm atextbtxt2rdacontent aunmediatedbn2rdamedia avolumebnc2rdacarrier aIncludes end-of-chapter study questions. aIncludes bibliographical references and index.0 aBasics of biotechnology -- DNA, RNA, and protein -- Recombinant DNA technology -- DNA synthesis in vivo and in vitro -- RNA-based technologies -- Immune technology -- Nanobiotechnology -- Genomics and gene expression -- Proteomics -- Recombinant proteins -- Protein engineering -- Environmental biotechnology -- Synthetic biology -- From cell phones to cyborgs -- Transgenic plants and plant biotechnology -- Transgenic animals -- Inherited defects and gene therapy -- Cloning and stem cells -- Cancer -- Aging and apoptosis -- Viral and prion infections -- Biological warfare : infectious disease and bioterrorism -- Forensic molecular biology -- Bioethics in biotechnology. 0aBiotechnologyvTextbooks. 0aGenetic engineeringvTextbooks. 0aMolecular biologyvTextbooks. 7aBiotechnology.2fast0(OCoLC)fst00832729 7aGenetic engineering.2fast0(OCoLC)fst00940027 7aMolecular biology.2fast0(OCoLC)fst01024734 7aBioteknik.2sao 7aGenteknik.2sao 7aMolekylärbiologi.2sao 7aTextbooks.2fast0(OCoLC)fst014238631 aPazdernik, Nanette Jean,eauthor.